Welcome to WEB OPAC of MRSPTU Central Library

Strength of materials (Record no. 2676)

MARC details
000 -LEADER
fixed length control field 00347nam a2200145Ia 4500
008 - FIXED-LENGTH DATA ELEMENTS--GENERAL INFORMATION
fixed length control field 230711s9999||||xx |||||||||||||| ||und||
041 ## - LANGUAGE CODE
Language code of text/sound track or separate title ENG
082 ## - DEWEY DECIMAL CLASSIFICATION NUMBER
Classification number 620
Item number TR-S
100 ## - MAIN ENTRY--PERSONAL NAME
Personal name Tripatti,R
245 #0 - TITLE STATEMENT
Title Strength of materials
250 ## - EDITION STATEMENT
Edition statement 1st
260 ## - PUBLICATION, DISTRIBUTION, ETC.
Date of publication, distribution, etc. 1994
Place of publication, distribution, etc. New Delhi
Name of publisher, distributor, etc. S.K Kataria & Sons
650 ## - SUBJECT ADDED ENTRY--TOPICAL TERM
Topical term or geographic name entry element Mechanical Engineering
942 ## - ADDED ENTRY ELEMENTS (KOHA)
Koha item type Book
Holdings
Withdrawn status Lost status Damaged status Not for loan Collection Home library Current library Date acquired Total checkouts Full call number Barcode Date last seen Price effective from Koha item type
          MRSPTU Central Library MRSPTU Central Library     620 TR-S 10232 08/17/2023 08/17/2023 Book
          MRSPTU Central Library MRSPTU Central Library     620 TR-S 10233 08/17/2023 08/17/2023 Book
          MRSPTU Central Library MRSPTU Central Library     620 TR-S 10234 08/17/2023 08/17/2023 Book
          MRSPTU Central Library MRSPTU Central Library     620 TR-S 10235 08/17/2023 08/17/2023 Book
          MRSPTU Central Library MRSPTU Central Library     620 TR-S 10236 08/17/2023 08/17/2023 Book

Website Designed and Developed by MRSPTU Central Library Team

E-mail Id: librarian@mrsptu.ac.in